Estatísticas para Frutas!!!!!

Clique aqui para jogar o quiz

Estatísticas Gerais

  • Esse quiz foi jogado 1 563 vezes
    (1 428 desde o último reset)
  • A pontuação média é 32 de 51

Estatísticas das Respostas

Letra InicialFruta% Correto
BBANANA
95%
LLARANJA
93%
UUVA
93%
MMAÇÃ
91%
LLIMA
90%
AABACAXI
89%
MMELANCIA
89%
MMELÃO
86%
MMORANGO
86%
KKIWI
85%
AAMORA
84%
AABACATE
83%
PPÊRA
82%
GGOIABA
81%
MMAMÃO
81%
LLIMÃO
79%
AAMEIXA
78%
MMANGA
77%
FFIGO
76%
TTOMATE
75%
DDAMASCO
73%
JJACA
73%
TTANGERINA
71%
PPÊSSEGO
70%
FFRAMBOESA
68%
JJABUTICABA
67%
AACEROLA
66%
MMARACUJÁ
66%
CCAJU
65%
RROMÃ
65%
CCARAMBOLA
62%
CCOCO
61%
CCEREJA
60%
CCAQUI
57%
AAÇAÍ
52%
GGRAVIOLA
49%
CCACAU
47%
PPITANGA
45%
NNECTARINA
43%
CCAJÁ
42%
GGUARANÁ
42%
TTÂMARA
42%
JJAMBOLÃO
41%
TTAMARINDO
41%
BBERGAMOTA
34%
GGROSELHA
34%
NNOZ
30%
MMARMELO
21%
AARAÇÁ
18%
BBUTIÁ
15%
AAZEITONA
14%

Distribuição das Pontuações

Percentil de Números Respondidos

Porcentagem de Pessoas com Cada Pontuação

Sua Pontuação Histórica

Você não jogou esse quiz desde o último reset